<?xml version="1.0" encoding="UTF-8"?>
<record
    xmlns:xsi="http://www.w3.org/2001/XMLSchema-instance"
    xsi:schemaLocation="http://www.loc.gov/MARC21/slim http://www.loc.gov/standards/marcxml/schema/MARC21slim.xsd"
    xmlns="http://www.loc.gov/MARC21/slim">

  <leader>01103nam a22001697a 4500</leader>
  <controlfield tag="003">SGT</controlfield>
  <datafield tag="020" ind1=" " ind2=" ">
    <subfield code="a">9780333938560</subfield>
  </datafield>
  <datafield tag="082" ind1=" " ind2=" ">
    <subfield code="a">519.5, HOO</subfield>
  </datafield>
  <datafield tag="100" ind1=" " ind2=" ">
    <subfield code="a">HOODA,R.P</subfield>
  </datafield>
  <datafield tag="245" ind1=" " ind2=" ">
    <subfield code="a">INTRODUCTION TO STATISTICS </subfield>
  </datafield>
  <datafield tag="250" ind1=" " ind2=" ">
    <subfield code="a">1ST</subfield>
  </datafield>
  <datafield tag="260" ind1=" " ind2=" ">
    <subfield code="a">NEW DELHI</subfield>
    <subfield code="b">MACMILLAN PUBLISHER</subfield>
    <subfield code="c">2009</subfield>
  </datafield>
  <datafield tag="300" ind1=" " ind2=" ">
    <subfield code="a">382</subfield>
  </datafield>
  <datafield tag="650" ind1=" " ind2=" ">
    <subfield code="a">PROBABILITIES &amp; APPLIED MATHEMATICS</subfield>
  </datafield>
  <datafield tag="653" ind1=" " ind2=" ">
    <subfield code="a">Defining Statistics: Understanding the Scope, Types of Data: Bases of Classification,Data Collection: Issues and Methods,Understanding Data: Rounding, Ratios, and Rates,Presentation of Data: Tabular and Graphic, Frequency Distribution: Construction and Graphic Presentation,Measures of Central Tendency: Mean, Median, and Mode,Dispersion: And its Measures,Skewness and Kurtosis: And Measures,Linear Regression and Correlation: The Two-Variable Case,Index Numbers: For Prices and Quantities,Time Series Analysis: Components and Decomposition,Introducing Probability: Concepts, Definition, and Postulates,Basic Probability Rules: For Different Events,Discrete Probability Distributions: Uniform, Binomial, and Poisson </subfield>
  </datafield>
  <datafield tag="942" ind1=" " ind2=" ">
    <subfield code="2">ddc</subfield>
    <subfield code="c">FCM</subfield>
    <subfield code="0">20</subfield>
  </datafield>
  <datafield tag="952" ind1=" " ind2=" ">
    <subfield code="0">0</subfield>
    <subfield code="1">0</subfield>
    <subfield code="2">ddc</subfield>
    <subfield code="4">0</subfield>
    <subfield code="7">0</subfield>
    <subfield code="a">SSSL</subfield>
    <subfield code="b">SSSL</subfield>
    <subfield code="c">DISPLAY</subfield>
    <subfield code="d">2016-05-31</subfield>
    <subfield code="e">IBH </subfield>
    <subfield code="g">248.00</subfield>
    <subfield code="i">SGTU</subfield>
    <subfield code="l">38</subfield>
    <subfield code="o">519.5, HOO</subfield>
    <subfield code="p">CM54</subfield>
    <subfield code="r">2026-04-28 00:00:00</subfield>
    <subfield code="s">2026-04-13</subfield>
    <subfield code="w">2013-08-08</subfield>
    <subfield code="y">FCM</subfield>
    <subfield code="k">9475</subfield>
  </datafield>
  <datafield tag="999" ind1=" " ind2=" ">
    <subfield code="c">8842</subfield>
    <subfield code="d">8842</subfield>
  </datafield>
</record>
